LIBRARY & INFORMATION CENTRE, KCAET, TAVANUR

ONLINE PUBLIC ACCESS CATALOGUE (OPAC)

AutoCAD 2015 and AutoCAD LT 2015 Bible (Record no. 14455)

MARC details
000 -LEADER
fixed length control field 00326nam a22001337a 4500
020 ## - INTERNATIONAL STANDARD BOOK NUMBER
ISBN 9788126552757
082 ## - DEWEY DECIMAL CLASSIFICATION NUMBER
Classification number 005.369
Item number FIN/AU
100 ## - MAIN ENTRY--AUTHOR NAME
Personal name Finkelstein, Ellen
100 ## - MAIN ENTRY--AUTHOR NAME
Personal name Ambrosius,Lee
245 ## - TITLE STATEMENT
Title AutoCAD 2015 and AutoCAD LT 2015 Bible
260 ## - PUBLICATION, DISTRIBUTION, ETC. (IMPRINT)
Place of publication New Delhi
Name of publisher Wiley
Year of publication 2015
300 ## - PHYSICAL DESCRIPTION
Number of Pages 1253
942 ## - ADDED ENTRY ELEMENTS (KOHA)
Koha item type Books
Holdings
Withdrawn status Lost status Damaged status Collection code Home library Current library Shelving location Date acquired Source of acquisition Cost, normal purchase price Full call number Accession Number Koha item type
        KAUAET KAUAET General Stacks 04/07/2016 Aman Book Stall, Calicut 899.00 005.369 FIN/AU 24978 Books
        KAUAET KAUAET General Stacks 04/07/2016 Aman Book Stall, Calicut 899.00 005.369 FIN/AU 24979 Books
free website counter